| 000 | 01033nam a22003137a 4500 | ||
|---|---|---|---|
| 003 | CHAP | ||
| 005 | 20220329134857.0 | ||
| 008 | 971013s1970 r 00010 d | ||
| 010 | _a27362 | ||
| 011 | _a28334 | ||
| 035 | _a32438 | ||
| 040 | _cCHAP | ||
| 082 |
_a630.72 _bI5d 1970 |
||
| 110 |
_aINIA. México _958464 |
||
| 245 | _aDirectorio del personal técnico del INIA | ||
| 260 |
_aChapingo, Méx. : _bEl Instituto, _c1970 |
||
| 300 | _a263 p | ||
| 590 |
_aBATCH-UPD _b10 _c20130110 _lUCH01 _h1015 |
||
| 590 |
_aBATCH-UPD _b10 _c20130410 _lUCH01 _h0622 |
||
| 590 |
_aBATCH-UPD _b10 _c20130913 _lUCH01 _h2103 |
||
| 590 |
_aCONVERSION _b10 _c20130109 _lUCH01 _h1316 |
||
| 650 | 1 | 4 |
_aAgricultura _xDirectorios _xMexico. _91403 |
| 650 | 1 | 4 |
_aAgricultura _xInvestigación _xMéxico. _91643 |
| 650 | 1 | 4 |
_aAgrónomos mexicanos. _92208 |
| 901 | _aBK | ||
| 942 | _cLIBRO | ||
| 949 |
_a630.72 I5d 1970 _bBC _cBPA _d33724002311363 _eBPA _h30811 _i32438 _mD _si |
||
| 949 |
_a630.72 I5d 1970 _bBC _cLIBRO _d33724000041174 _eLIBRO _fc.2 _h30812 _i32438 _mD _si |
||
| 999 |
_c27362 _d27362 |
||